プロ野球 2025年 規定OPS.700以上の選手 - Statistics

General Stats
  • This quiz has been taken 67 times
  • The average score is 22 of 27
Answer Stats
Answer % Correct
佐藤 輝明
98%
森下 翔太
98%
キャベッジ
95%
大山 悠輔
89%
泉口 友汰
88%
近本 光司
88%
レイエス
88%
万波 中正
84%
小園 海斗
82%
岡林 勇希
82%
佐野 恵太
82%
ネビン
82%
杉本 裕太郎
81%
ボスラー
79%
吉川 尚輝
79%
西川 愛也
79%
山川 穂高
79%
ファビアン
77%
上林 誠知
77%
柳町 達
77%
牧原 大成
77%
清宮 幸太郎
77%
太田 椋
68%
桑原 将志
65%
中川 圭太
63%
紅林 弘太郎
60%
内山 壮真
58%
No matching quizzes found
Score Distribution
Percent of People with Each Score
Percentile by Number Answered
Your Score History
You have not taken this quiz